Music Quiz

Random Music or Classical Quiz

3-D Music Quiz Stats

 Plays Quiz Updated May 9, 2017

Support Sporcle.
Go Orange.
Score 0/15 Timer 03:00
2 Plays Today
Question Answer Wrong Answers
LYRICS
Britney Spears, 2000:
'Oops!... I ___ It Again'
Did
99%
Done
0.5%
Drove
0.1%
Dud
0.3%
SINGERS
American singer-songwriter awarded a Nobel Prize in 2016:
Bob _____
Dylan
90.4%
Dawson
0.7%
Dashwood
0.3%
Dodunski
0.3%
ALBUM
Debut studio album by Guns N' Roses:
'Appetite for ___________'
Destruction
88.2%
Distraction
2.3%
Dessert
1.9%
Democracy
1.7%
BAND
Beyoncé's former R&B group
with Kelly Rowland and Michelle Williams
Destiny's Child
86.7%
Destiny's Children
3.5%
Destiny's Destiny
1.5%
Destiny's Daughter
0.7%
SINGERS
American singer & entertainer 1925-1990:
Sammy _____ Jr.
Davis
86.5%
Dawson
3.2%
Dylan
1%
Dunderson
0.6%
BAND
British band with Mark Knopfler:
'____ Straits'
Dire
86.3%
Dark
1.9%
Dank
1%
Dirty
2.6%
BAND
American rock group with vocalist Jim Morrison:
'The _____'
Doors
86%
Devo
0.6%
Doobie Brothers
3.5%
Duprees
1.9%
ALBUM
Michael Jackson's successful 1991 album
featuring 'Heal the World' & 'Black or White'
Dangerous
83.5%
Democracy
6.2%
Dutiful
1.2%
Darkening
2.3%
CLASSICAL
1866 waltz for orchestra by Johann Strauss II:
'The Beautiful Blue ______'
Danube
77.3%
Dunedin
2.4%
Dnieper
2.3%
Deluge
8.7%
LYRICS
The Beatles, 1968:
'Blackbird singing in the ____ of night'
Dead
77.1%
Dawn
3.3%
Dark
15.4%
Dank
0.4%
SINGERS
English singer-songwriter known for
'White Flag' and 'Thank You'
Dido
75.7%
Danni
3%
Dani
4.9%
Dr. Dre
7.9%
LYRICS
Crowded House, 1986:
'Hey now, hey now, don't _____ it's over'
Dream
74.7%
Doubt
19.1%
Dunk
0.4%
Deal
0.7%
CLASSICAL
1899 opera in three acts by Dvořák:
'The _____ and Kate'
Devil
73.8%
Demons
12.2%
Divorce
1.9%
Democrat
3%
CLASSICAL
Last name of French composer 1862-1918:
Claude _______
Debussy
73.4%
Denza
2.8%
Donizetti
4.2%
Duparc
10.4%
ALBUM
1994 Green Day album with songs
'When I Come Around' & 'Basket Case'
Dookie
60.5%
Dukie
4.2%
Dooky
7.1%
Daydream
21%

You're not logged in!

Compare scores with friends on all Sporcle quizzes.
OR
Log In

From the Vault

Big 4 US Sports Teams

by Matt

We're a tad embarrassed to admit that before Sporcle, our primary way of learning geography was from following different sports teams.
Remove Ads.
Support Sporcle.
Get the best of Sporcle when you Go Orange. This ad-free experience offers more features, more stats, and more fun while also helping to support Sporcle. Thank you for becoming a member.

Show Comments

Extras

Top Quizzes Today


Score Distribution

Your Account Isn't Verified!

In order to create a playlist on Sporcle, you need to verify the email address you used during registration. Go to your Sporcle Settings to finish the process.

Report this User

Report this user for behavior that violates our Community Guidelines.

Details: